000 00486nam a22001937a 4500
003 OSt
005 20220107122747.0
008 140527b xxu||||| |||| 00| 0 eng d
020 _a9780349139593
040 _cIIITM-K
082 _a920.962139 ISA/S
100 _aIsaacson, Walter
_95416
245 _aSteve Jobs
_cby walter Isaacson
260 _aLondon,
_bLiitle Brown,
_c2013.
300 _axxi, 568p.
650 _aBIOGRAPHY
_95417
650 _aSTEVE JOBS
_95418
942 _2ddc
_cBK
999 _c4240
_d4240